000 00589nam a22002057a 4500
005 20260513115135.0
008 260513b |||||||| |||| 00| 0 eng d
020 _a9781774634660
_c10070.00
040 _aMAIN
041 _aEnglish
082 _a631.8
_bBIO
100 _aKaushik, B.D. (ed)
_926800
245 _aBiofertilizers Biopesticides in Sustainable Agriculture
260 _aCanada
_bApple Academic Press
_c2020
300 _a459
650 _aBiological Science (PM USHA)
_926674
700 _aDeepak, Kumar (ed)
_926801
700 _aShamim, MD (ed)
_926802
942 _cBK
999 _c60774
_d60774